000 01132cam a22003377a 4500
003 CHAP
005 20220329141422.0
008 971013s1987 r 00010 d
010 _a67824
011 _a68796
035 _a78270
040 _cCHAP
090 _aTesis
100 0 0 _aGarza López de Lara, María del Pilar.
_947089
245 0 _aVariación geográfica en estructuras reproductivas y crecimiento temprano de Pinus montezumae Lamb.
260 _aMéxico, D. F. :
_bEl autor,
_c1987
300 _a142 h.
_b: ilus.
502 _aTesis (Biólogo) -- UNAM. Fac. de Ciencias
590 _aALEPH
_b10
_c20130110
_lUCH01
_h1403
590 _aBATCH-UPD
_b10
_c20130110
_lUCH01
_h2003
590 _aBATCH-UPD
_b10
_c20130410
_lUCH01
_h1323
590 _aBATCH-UPD
_b10
_c20130914
_lUCH01
_h1415
590 _aCONVERSION
_b10
_c20130109
_lUCH01
_h1337
650 1 4 _aFitogeografía.
_941157
650 1 4 _aPináceas
_xCrecimiento.
_988225
650 1 4 _aPlantas
_xReproducción.
_988879
901 _aBK
942 _cFOLL
949 _bBC
_cTES
_d-31144
_eTS1
_h20297
_i78270
_si
949 _bBC
_cTES
_d-96124
_eTS2
_fc.2
_h20298
_i78270
_si
999 _c67824
_d67824